| 000 | 00639nam a22001817a 4500 | ||
|---|---|---|---|
| 999 |
_c184256 _d184256 |
||
| 005 | 20220117120817.0 | ||
| 010 | _aENG-131161 | ||
| 020 |
_a978-93-90078-33-2 _c795.00 |
||
| 035 | _aEN-114693 | ||
| 037 | _bDBAD | ||
| 082 | _a631.58 | ||
| 245 |
_aAgricultural Diversification: _cEdited by A.K. Sharma, Seema Wahab, Rashmi Srivastava _bProblems and perspectives |
||
| 260 |
_aNew Delhi _bI.K. International Private Limited _c2020 |
||
| 270 |
_bNew Delhi _a4436/7,Ansari Road, Daryaganj _e110002 |
||
| 300 |
_a214.p. _c25cm(pbk) |
||
| 700 | _aSharma A.K. ,Wahab Seema, Srivastava Rashmi | ||
| 942 |
_2ddc _cEN _h631.58 _mAGR |
||